000 00301nam a22001457a 4500
008 180919b xxu||||| |||| 00| 0 eng d
020 _a0721686982
041 _aeng
080 _a61
082 _a61
100 _a6
101 _aANA
245 _aClinical Monitoring
_cLake,C.L
942 _2udc
_cBK
999 _c47976
_d47976